| Tag |
First Indicator |
Second Indicator |
Subfields |
| LEADER |
00000cam a2200000 a 4500 |
| 001 |
in00000545708 |
| 005 |
20151014051349.0 |
| 008 |
840417r19831939gw ab b 00010 ger d |
| 020 |
|
|
|a 348707348X (v.1)
|
| 020 |
|
|
|a 3487073498 (v.2)
|
| 035 |
|
|
|a (OCoLC)10635650
|
| 035 |
|
|
|9 ACJ3940AM
|
| 040 |
|
|
|a AZU
|c AZU
|d TXA
|d UtOrBLW
|
| 043 |
|
|
|a aw-----
|
| 049 |
|
|
|a TXAM
|v 1 [A08990002]
|v 2 [1277513]
|
| 090 |
|
|
|a DS219.B4
|b O63 1983
|
| 100 |
1 |
|
|a Oppenheim, Max Adrian Simon,
|c Freiherr von,
|d 1860-1946.
|
| 245 |
1 |
4 |
|a Die Beduinen /
|c Max Freiherr von Oppenheim ; unter Mitarbeitung von Erich Braunlich und Werner Caskel.
|
| 264 |
|
1 |
|a Hildesheim ;
|a New York :
|b Georg Olms Verlag,
|c 1983.
|
| 300 |
|
|
|a 2 volumes :
|b illustrations, maps (some folded) ;
|c 23 cm.
|
| 336 |
|
|
|a text
|b txt
|2 rdacontent
|
| 337 |
|
|
|a unmediated
|b n
|2 rdamedia
|
| 338 |
|
|
|a volume
|b nc
|2 rdacarrier
|
| 500 |
|
|
|a Reprint. Originally published: Leipzig : Otto Harrassowitz, 1939-
|
| 500 |
|
|
|a Two maps in pocket.
|
| 504 |
|
|
|a Includes bibliographical references.
|
| 650 |
|
0 |
|a Bedouins.
|
| 700 |
1 |
|
|a Bräunlich, Erich,
|d 1892-
|
| 700 |
1 |
|
|a Caskel, Werner,
|d 1896-
|
| 999 |
|
|
|a MARS
|
| 999 |
f |
f |
|s 035f35f2-ab0e-317e-b5b6-fdf2e4f6bca1
|i 55422d1b-d6c7-3487-8b62-70e5a3323b45
|t 0
|
| 952 |
f |
f |
|p ric
|a Texas A&M University
|b Rellis Campus
|c Joint Library Facility
|d Remote Storage
|t 0
|e DS219.B4 O63 1983
|h Library of Congress classification
|i unmediated -- volume
|k v.1
|m A14808990002
|
| 952 |
f |
f |
|p ric
|a Texas A&M University
|b Rellis Campus
|c Joint Library Facility
|d Remote Storage
|t 0
|e DS219.B4 O63 1983
|h Library of Congress classification
|i unmediated -- volume
|k v.2
|m A14808949297
|
| 998 |
f |
f |
|a DS219.B4 O63 1983
|s v.1-v.2
|t 0
|l Remote Storage
|